000 00340 a2200157 4500
001 184973
020 _a85-305-0133-0
040 _cMagnum
100 _aBarros, Sônia
240 1 0 _aUm bichinho só pra mim
_lpor
245 1 0 _aUm bichinho só pra mim
300 _a23
362 0 _a1997
697 _aLITERATURA INFANTIL
942 _cBK
999 _c184973
_d184973